Statystyki dla Kraje według granic #3

Kliknij tutaj aby rozwiązać quiz!

Ogólne statystyki

  • Ten quiz został rozwiązany 87 razy
  • Średni wynik to 14 z 20

Statystyki odpowiedzi

granice lądowekraj% Poprawnych
Rosja, Finlandia, SzwecjaNorwegia
100%
Chiny, RosjaMongolia
96%
WłochyWatykan
95%
WłochySan Marino
92%
Chiny, IndieNepal
78%
Rumunia, UkrainaMołdawia
76%
Włochy, Austria, Węgry, ChorwacjaSłowenia
76%
Arabia Saudyjska, OmanJemen
75%
Brazylia, Argentyna, BoliwiaParagwaj
74%
Chiny, IndieBhutan
71%
Gujana, Brazylia, FrancjaSurinam
68%
Sudan, Dżibuti, EtiopiaErytrea
64%
Mauretania, Hiszpania, AlgieriaMaroko
64%
Arabia Saudyjska, OmanZjednoczone Emiraty
Arabskie
58%
IndonezjaTimor-Leste
55%
Republika Południowej
Afryki, Mozambik
Eswatini
54%
Honduras, GwatemalaSalwador
51%
IndonezjaPapua-Nowa Gwinea
46%
Kamerun, GabonGwinea Równikowa
42%
Zambia, Tanzania, MozambikMalawi
36%

Rozkład punktacji

Percentyl według liczby udzielonych odpowiedzi

Procent ludzi z każdym wynikiem

Twoja historia wyników

Nie rozwiązałeś tego quizu